[Event "Elit(Stockholms SS-Eksjo)"]
[Site "?"]
[Date "2017.10.21"]
[Round "2"]
[White "Vernersson, Per"]
[Black "Lissang, Christopher"]
[Result "1-0"]
[WhiteElo "2278"]
[BlackElo "2344"]
[PlyCount "127"]
1. d4 Nf6 2. c4 e6 3. Nf3 Bb4+ 4. Nbd2 b6 5. a3 Bxd2+ 6. Bxd2 Bb7 7. Bg5 d6 8.
e3 Nbd7 9. Bd3 h6 10. Bxf6 Nxf6 11. O-O O-O 12. Qe2 c5 13. e4 cxd4 14. Nxd4 Rc8
15. Rfd1 Qe7 16. Rac1 Rfd8 17. Bb1 g6 18. Nb5 Ba8 19. b3 a6 20. Nd4 Nd7 21. Qe3
Kg7 22. Ne2 Rc6 23. Rc2 Nc5 24. Rcd2 Rcc8 25. b4 Na4 26. Ba2 b5 27. Bb3 Qb7 28.
Rxd6 Rxd6 29. Rxd6 Qxe4 30. Qxe4 Bxe4 31. f3 Bc6 32. c5 a5 33. Nd4 Be8 34. Kf2
Nb2 35. Ke2 axb4 36. axb4 e5 37. Nc2 Bc6 38. Ne3 f5 39. Nd5 Bxd5 40. Bxd5 Na4
41. Kd3 Nxc5+ 42. bxc5 Rxc5 43. Bb3 b4 44. Bc4 Ra5 45. Rb6 Ra3+ 46. Ke2 Rc3 47.
Rxb4 Rc2+ 48. Kf1 Kf6 49. Bd3 Rc6 50. Ra4 Kg5 51. g3 Rd6 52. Ke2 Rb6 53. Kf2
Rb2+ 54. Be2 Rc2 55. Ra6 h5 56. Re6 Rc5 57. Rb6 Rc2 58. Ke3 Rc3+ 59. Bd3 Ra3
60. Re6 f4+ 61. Kd2 Ra2+ 62. Bc2 fxg3 63. hxg3 e4 64. Rxe4 1-0

[Event "Elit(Farsta-Kungstornet)"]
[Site "?"]
[Date "2017.10.21"]
[Round "2"]
[White "Lyrberg, Patrik"]
[Black "Degerman, Lars"]
[Result "1-0"]
[WhiteElo "2460"]
[BlackElo "2451"]
[PlyCount "93"]
1. d4 Nf6 2. Nf3 g6 3. c3 Bg7 4. Bg5 O-O 5. Nbd2 d5 6. Bxf6 Bxf6 7. e4 dxe4 8.
Nxe4 Bg7 9. Bc4 Nd7 10. O-O Nb6 11. Bb3 c6 12. Ne5 Nd5 13. Qe2 a5 14. f4 a4 15.
Bc4 a3 16. Rae1 axb2 17. Qxb2 Qa5 18. Rf3 Ra7 19. Ng3 e6 20. Rc1 Rd8 21. Ne2 c5
22. Kh1 f6 23. Ng4 Nb6 24. Bb3 c4 25. Bc2 Nd5 26. Bb1 Ra6 27. Qd2 Bd7 28. Rh3
Ne7 29. Nh6+ Bxh6 30. Rxh6 Nf5 31. Rh3 Bc6 32. Re1 Rb6 33. Ng3 Rxd4 34. Qe2
Nxg3+ 35. Rxg3 Rd6 36. Bxg6 hxg6 37. Rxg6+ Kf7 38. Qg4 Bxg2+ 39. Kxg2 Rd2+ 40.
Kf1 Ke7 41. Rg7+ Kd8 42. Rf7 Kc8 43. Rf8+ Kc7 44. Qg8 Rbd6 45. Rc8+ Kb6 46.
Rb1+ Qb5 47. Qg1+ 1-0

[Event "Elit(Malmo-Team Viking)"]
[Site "?"]
[Date "2017.10.21"]
[Round "2"]
[White "Agrest, Evgenij"]
[Black "Pantsulaia, Levan"]
[Result "0-1"]
[WhiteElo "2600"]
[BlackElo "2593"]
[PlyCount "96"]
1. d4 Nf6 2. Bf4 d5 3. e3 c5 4. Nc3 cxd4 5. exd4 a6 6. Nf3 Bg4 7. h3 Bxf3 8.
Qxf3 Nc6 9. O-O-O e6 10. g4 Bd6 11. Be3 Rc8 12. g5 Ng8 13. Kb1 Nge7 14. Ne2 Qc7
15. c3 b5 16. Nc1 O-O 17. h4 b4 18. c4 dxc4 19. Bxc4 Nf5 20. Bxa6 Ra8 21. Bd3
b3 22. Nxb3 Nb4 23. Nc1 Rfb8 24. Be4 Ra5 25. Qe2 Qa7 26. Bxf5 Nxa2 27. d5 Qa8
28. Bxh7+ Kxh7 29. Bd4 Nb4 30. b3 Qxd5 31. Rhe1 Bf4 32. Bc3 Qc5 33. Qe4+ Qf5
34. Bxb4 Rxb4 35. Qxf5+ Rxf5 36. Nd3 Rxb3+ 37. Kc2 Rb7 38. Rb1 Rc7+ 39. Kd1 Rc3
40. Ke2 Rc2+ 41. Kf1 Bg3 42. Re2 Rc3 43. Ke1 Rxd3 44. fxg3 Rxg3 45. Rb4 Kg6 46.
Rf2 Kh5 47. Rff4 Rg2 48. Rfc4 Rh2 0-1

[Event "Elit(Stockholms SS-Eksjo)"]
[Site "?"]
[Date "2017.10.21"]
[Round "2"]
[White "Seo, Jung Min"]
[Black "Rothen, Hakan"]
[Result "1-0"]
[WhiteElo "2433"]
[BlackElo "2264"]
[PlyCount "151"]
1. d4 Nf6 2. c4 e6 3. Nf3 Bb4+ 4. Nbd2 O-O 5. a3 Bxd2+ 6. Bxd2 b6 7. g3 Bb7 8.
Bg2 d6 9. O-O Nbd7 10. b4 Re8 11. Re1 h6 12. Qc2 Be4 13. Qb2 Qc8 14. Bc3 Qb7
15. Bf1 d5 16. Nd2 Bg6 17. Bg2 Rab8 18. f3 c5 19. bxc5 bxc5 20. Qxb7 Rxb7 21.
dxc5 Nxc5 22. Rac1 Nb3 23. Nxb3 Rxb3 24. Bb4 dxc4 25. Rxc4 Nd5 26. Bc5 Nb6 27.
Rcc1 e5 28. e4 Nd7 29. Bxa7 Rxa3 30. Bf2 Nf8 31. Ra1 Rea8 32. Rxa3 Rxa3 33. f4
f6 34. f5 Bf7 35. Rd1 Ra8 36. Bf3 Rc8 37. Kg2 g5 38. g4 Kg7 39. h3 Be8 40. Ra1
Rc7 41. Bb6 Rb7 42. Bf2 Rc7 43. Kg3 Nd7 44. Ra5 Bf7 45. Bd1 Nf8 46. Kg2 Rb7 47.
Ba4 h5 48. Bc6 Rc7 49. Ba8 h4 50. Kf3 Bc4 51. Be3 Bf7 52. Bd5 Rd7 53. Bc5 Rc7
54. Bd6 Rd7 55. Ra6 Bxd5 56. exd5 Nh7 57. Ke4 Rb7 58. Bc5 Kf7 59. Ra8 Rc7 60.
d6 Rxc5 61. d7 Rc4+ 62. Ke3 Rd4 63. d8=Q Rxd8 64. Rxd8 Nf8 65. Ke4 Ke7 66. Ra8
Nd7 67. Ra7 Kd6 68. Ra6+ Ke7 69. Kd5 Nf8 70. Ra7+ Ke8 71. Kd6 e4 72. Re7+ Kd8
73. Rxe4 Nd7 74. Ra4 Nb6 75. Ra6 Nc8+ 76. Ke6 1-0

[Event "Elit(Malmo-Team Viking)"]
[Site "?"]
[Date "2017.10.21"]
[Round "2"]
[White "Semcesen, Daniel"]
[Black "Ivanov, Sergey"]
[Result "1/2-1/2"]
[WhiteElo "2482"]
[BlackElo "2535"]
[PlyCount "141"]
1. d4 Nf6 2. c4 e6 3. Nf3 b6 4. a3 Ba6 5. Qc2 Bb7 6. Nc3 c5 7. dxc5 bxc5 8. Bf4
d6 9. e3 Be7 10. Be2 O-O 11. O-O Nh5 12. Bg3 Nxg3 13. hxg3 Nd7 14. Rfd1 Nf6 15.
b4 Qc7 16. b5 Rfd8 17. a4 d5 18. a5 Rac8 19. Bf1 g6 20. Qb2 Ng4 21. b6 axb6 22.
Qxb6 Qxb6 23. axb6 d4 24. Nb5 dxe3 25. fxe3 Rc6 26. Rxd8+ Bxd8 27. Rd1 Bxb6 28.
Ng5 Nxe3 29. Rd3 Nxf1 30. Kxf1 Ba6 31. Rd7 Bxb5 32. cxb5 Rc7 33. Ne4 Kf8 34.
Rd6 Rb7 35. Rc6 Rb8 36. g4 h6 37. Ke2 Ke7 38. Kd3 f5 39. gxf5 gxf5 40. Nxc5
Bxc5 41. Rxc5 Rg8 42. Rc2 Kd6 43. Rb2 e5 44. Ke3 Rg3+ 45. Kf2 Rg7 46. b6 Kc6
47. Kf3 Rb7 48. Re2 Re7 49. Rb2 h5 50. g3 Rd7 51. Kg2 Rb7 52. Rf2 Rf7 53. Rb2
e4 54. Rb1 Rb7 55. Rf1 Rxb6 56. Rxf5 Rb2+ 57. Kf1 Rb5 58. Rf8 Kd5 59. Kf2 Kd4
60. Rd8+ Rd5 61. Ra8 Rf5+ 62. Ke2 Rb5 63. Rd8+ Ke5 64. Rh8 Kf6 65. Ke3 Re5 66.
Rf8+ Kg5 67. Rf4 Re7 68. Rh4 Re6 69. Rf4 Re8 70. Rh4 Ra8 71. Rxe4 1/2-1/2

[Event "Elit(Stockholms SS-Eksjo)"]
[Site "?"]
[Date "2017.10.21"]
[Round "2"]
[White "Ornstein, Axel"]
[Black "Lokander, Martin"]
[Result "1/2-1/2"]
[WhiteElo "2343"]
[BlackElo "2366"]
[PlyCount "60"]
1. Nf3 d5 2. g3 Nd7 3. d4 b5 4. Bg2 Bb7 5. O-O Ngf6 6. Nbd2 e6 7. b3 c5 8. c4
bxc4 9. bxc4 dxc4 10. Nxc4 Be7 11. Qa4 O-O 12. Na5 Bd5 13. Nc6 Nb6 14. Nxe7+
Qxe7 15. Qa5 Nc4 16. Qxc5 Qxc5 17. dxc5 Rfc8 18. Bg5 Ne4 19. Be7 Rc7 20. Bd6
Ncxd6 21. cxd6 Nxd6 22. Nd4 Bxg2 23. Kxg2 Rc4 24. Rfd1 Ne8 25. a4 Kf8 26. a5
Rc5 27. Nb3 Rb5 28. Nd4 Rc5 29. Nb3 Rb5 30. Nd4 Rc5 1/2-1/2

[Event "Elit(Farsta-Kungstornet)"]
[Site "?"]
[Date "2017.10.21"]
[Round "2"]
[White "von Bahr, Oskar"]
[Black "Livner, Anders"]
[Result "1-0"]
[WhiteElo "2431"]
[BlackElo "2364"]
[PlyCount "79"]
1. c4 c6 2. Nf3 d5 3. g3 Bg4 4. Bg2 e6 5. b3 Nd7 6. Bb2 Ngf6 7. h3 Bxf3 8. Bxf3
Bd6 9. cxd5 cxd5 10. Nc3 Ne5 11. Bg2 Nc6 12. d4 Rc8 13. O-O O-O 14. e3 a6 15.
Na4 Nd7 16. Rc1 Qe7 17. e4 dxe4 18. Bxe4 Nf6 19. Bxc6 Rxc6 20. Rxc6 bxc6 21.
Qe2 Qa7 22. Rc1 Rc8 23. Nc5 a5 24. Ne4 Nxe4 25. Qxe4 Qa6 26. Rc4 Qb5 27. Bc3 h6
28. Qe1 Ra8 29. Ra4 Bc7 30. Qe4 Rd8 31. Rc4 Rd5 32. Qc2 Bd6 33. Bb2 g6 34. Rxc6
Kh7 35. Qc4 Bf8 36. Rc7 Kg8 37. Qxb5 Rxb5 38. Rc8 Kg7 39. d5+ e5 40. Bxe5+ 1-0

[Event "Elit(Malmo-Team Viking)"]
[Site "?"]
[Date "2017.10.21"]
[Round "2"]
[White "Westerberg, Jonathan"]
[Black "Carlsson, Pontus"]
[Result "0-1"]
[WhiteElo "2498"]
[BlackElo "2449"]
[PlyCount "162"]
1. Nf3 Nf6 2. d4 e6 3. e3 d5 4. Bd3 c5 5. b3 Nc6 6. a3 Bd6 7. Bb2 O-O 8. Nbd2
b6 9. O-O Bb7 10. Qe2 cxd4 11. exd4 Rc8 12. Ne5 Ne7 13. f4 b5 14. c3 a6 15. a4
b4 16. c4 dxc4 17. bxc4 Bb8 18. Kh1 Ng6 19. Rad1 Re8 20. Bb1 Qe7 21. Kg1 Ba7
22. Nb3 Qc7 23. c5 Nd5 24. Qd2 f5 25. Rde1 Rcd8 26. Bd3 Bb8 27. Bc4 Nxe5 28.
Rxe5 Qd7 29. Re2 Qxa4 30. Ref2 Bc7 31. Qe2 Qc6 32. Nc1 Nf6 33. Nd3 Ne4 34. Rf3
a5 35. Ne5 Bxe5 36. fxe5 g6 37. Bb5 Qc7 38. Bxe8 Rxe8 39. Ra1 Ra8 40. Qb5 Bd5
41. Rd3 Qc6 42. Qb6 Qxb6 43. cxb6 a4 44. Bc1 Ra6 45. h4 a3 46. Bxa3 bxa3 47.
Rdxa3 Rxb6 48. Ra7 Rb7 49. Rxb7 Bxb7 50. Ra7 Bd5 51. Rc7 h5 52. Kh2 f4 53. Rc8+
Kg7 54. Rc7+ Kg8 55. Rc8+ Kg7 56. Rc7+ Kh6 57. Rf7 g5 58. hxg5+ Kxg5 59. Rg7+
Kf5 60. Rf7+ Kg4 61. Rg7+ Ng5 62. Rg8 Kf5 63. Rh8 Kg4 64. Rg8 h4 65. Kg1 Kf5
66. Rh8 f3 67. gxf3 Nxf3+ 68. Kf2 Ke4 69. Rh5 Kxd4 70. Ke2 Ke4 71. Kf2 Kf4 72.
Rh8 Kxe5 73. Ke3 Kf5 74. Rf8+ Kg4 75. Rg8+ Ng5 76. Kf2 h3 77. Kg1 Bg2 78. Kf2
Bd5 79. Kg1 Kh4 80. Kh2 Nf3+ 81. Kh1 Ne5+ 0-1

[Event "Elit(Stockholms SS-Eksjo)"]
[Site "?"]
[Date "2017.10.21"]
[Round "2"]
[White "Kassani, Sam"]
[Black "Thornert, Hakan"]
[Result "1-0"]
[WhiteElo "2203"]
[BlackElo "2231"]
[PlyCount "119"]
1. d4 d5 2. Bf4 Nf6 3. e3 Bg4 4. Nf3 e6 5. Nbd2 Bd6 6. h3 Bh5 7. g4 Bg6 8. Ne5
Bxe5 9. Bxe5 Nbd7 10. Bg3 h5 11. g5 h4 12. Bh2 Ne4 13. Nxe4 Bxe4 14. Rg1 Qe7
15. c3 O-O-O 16. f3 Bf5 17. Qa4 Kb8 18. O-O-O f6 19. Qa5 Nb6 20. b3 e5 21. Qc5
Qxc5 22. dxc5 Nc8 23. gxf6 gxf6 24. Rg7 Rh7 25. Rxh7 Bxh7 26. Bg1 Ne7 27. Bf2
Rg8 28. Bxh4 Nf5 29. Bf2 Ng3 30. Bxg3 Rxg3 31. Rxd5 a6 32. Rd8+ Ka7 33. Be2
Rxh3 34. Rf8 Rh1+ 35. Kd2 Ra1 36. e4 Rxa2+ 37. Ke3 Rc2 38. Kd3 Rb2 39. Rxf6
Rxb3 40. Kc2 Ra3 41. Bc4 Ra5 42. Rh6 Rxc5 43. Kb3 b5 44. Bd5 Rxd5 45. exd5 Bd3
46. Kb4 e4 47. fxe4 Bxe4 48. Kc5 a5 49. Re6 Bf3 50. Rf6 Bg2 51. Rg6 Bf3 52. Rg7
Kb8 53. Kc6 a4 54. Rg8+ Ka7 55. Rc8 a3 56. Rxc7+ Ka6 57. Re7 a2 58. Re1 Be4 59.
Ra1 Bb1 60. d6 1-0

[Event "Elit(Malmo-Team Viking)"]
[Site "?"]
[Date "2017.10.21"]
[Round "2"]
[White "Andersson, Ulf"]
[Black "Sagit, Rauan"]
[Result "1/2-1/2"]
[WhiteElo "2523"]
[BlackElo "2411"]
[PlyCount "69"]
1. Nf3 f5 2. d4 Nf6 3. g3 g6 4. Bg2 Bg7 5. c4 O-O 6. Nc3 Nc6 7. O-O Ne4 8. Nxe4
fxe4 9. Ne5 Nxe5 10. dxe5 c6 11. Bf4 e3 12. Bxe3 Bxe5 13. Bd4 d6 14. Bxe5 dxe5
15. Qb3 Qb6 16. Qc2 Qc5 17. b3 a5 18. Rad1 Be6 19. Qb2 Rad8 20. Rxd8 Rxd8 21.
h4 Bg4 22. Bf3 Bxf3 23. exf3 Rd3 24. Re1 Rxf3 25. Rxe5 Rxf2 26. Rxc5 Rxb2 27.
Rxa5 Kf7 28. Ra7 c5 29. Rxb7 Rxa2 30. Rb5 Rb2 31. Rxc5 Rxb3 32. Kg2 Rc3 33. h5
gxh5 34. Rxh5 Rxc4 35. Rxh7+ 1/2-1/2

[Event "Elit(Stockholms SS-Eksjo)"]
[Site "?"]
[Date "2017.10.21"]
[Round "2"]
[White "Malesevic, Nedeljko"]
[Black "Cederstam Barsk, Carl"]
[Result "0-1"]
[WhiteElo "2251"]
[BlackElo "2319"]
[PlyCount "230"]
1. d4 d5 2. Nf3 Nf6 3. c4 e6 4. cxd5 exd5 5. Bg5 c6 6. Nc3 Be7 7. Qc2 Nbd7 8.
e3 h6 9. Bh4 Nh5 10. Bxe7 Qxe7 11. Be2 Nhf6 12. O-O O-O 13. Bd3 Nb6 14. Rae1
Be6 15. Ne5 Rac8 16. Na4 Nfd7 17. Nxd7 Nxd7 18. b4 b6 19. Qb2 a5 20. bxa5 b5
21. Nb6 Nxb6 22. axb6 Ra8 23. Bb1 Qb7 24. Rc1 Rfc8 25. Qc2 g6 26. Qc5 Ra6 27.
Qd6 Rxb6 28. Rc5 Qc7 29. Qxc7 Rxc7 30. Rfc1 Rc8 31. f3 Bd7 32. e4 dxe4 33. fxe4
Ra8 34. Kf2 Ra3 35. R1c3 Rxc3 36. Rxc3 Be6 37. Ra3 b4 38. Ra8+ Kg7 39. Bc2 b3
40. axb3 Bxb3 41. Bd3 Bc2 42. Bxc2 Rb2 43. Kf3 Rxc2 44. Rc8 Rd2 45. Rd8 Kf6 46.
Rd6+ Ke7 47. e5 Rc2 48. h4 c5 49. h5 gxh5 50. d5 Rd2 51. Ke4 Rd4+ 52. Kf5 c4
53. Rc6 Rxd5 54. Rc7+ Rd7 55. Rxc4 Rd2 56. Rc7+ Kf8 57. g3 Re2 58. Rc4 Kg7 59.
Rc6 Re3 60. Kf4 Re1 61. Ra6 Rb1 62. Rd6 Rb4+ 63. Kf3 Rb3+ 64. Kf4 Rb1 65. Ra6
Rh1 66. Kf3 Rf1+ 67. Ke4 h4 68. gxh4 Rh1 69. Kf3 Rxh4 70. e6 Rh5 71. Kf4 f6 72.
Ra7+ Kg6 73. Ra8 Re5 74. Rg8+ Kh7 75. Re8 Kg7 76. Re7+ Kg6 77. Re8 h5 78. Rg8+
Kh7 79. Re8 Kg7 80. Re7+ Kg6 81. Re8 Re1 82. Rg8+ Kh7 83. Re8 Kg7 84. e7 Re5
85. Kg3 Kf7 86. Rh8 Kxe7 87. Kf4 Rg5 88. Rh7+ Ke6 89. Rh8 Ra5 90. Kg3 Kf7 91.
Kh4 Kg6 92. Rg8+ Kf5 93. Rf8 Ra1 94. Kg3 Ra3+ 95. Kg2 h4 96. Rf7 Kg5 97. Rb7
h3+ 98. Kh2 Re3 99. Rb4 f5 100. Ra4 f4 101. Ra8 Kg4 102. Ra2 Re1 103. Rb2 Kf3
104. Rb3+ Kf2 105. Rb4 Kf3 106. Rb3+ Re3 107. Rb8 Kf2 108. Rf8 f3 109. Ra8 Kf1
110. Ra1+ Re1 111. Ra2 Re2+ 112. Kh1 f2 113. Ra1+ Re1 114. Ra2 Rb1 115. Kh2 Ke1
0-1

[Event "Elit(Malmo-Team Viking)"]
[Site "?"]
[Date "2017.10.21"]
[Round "2"]
[White "Cramling, Dan"]
[Black "Agrest, Inna"]
[Result "0-1"]
[WhiteElo "2381"]
[BlackElo "2271"]
[PlyCount "80"]
1. d4 Nf6 2. c4 g6 3. Nc3 Bg7 4. e4 d6 5. Be2 O-O 6. Nf3 Nbd7 7. Be3 e5 8. O-O
Re8 9. d5 Nh5 10. g3 Bf8 11. Ne1 Ng7 12. Nd3 Be7 13. f3 f5 14. b4 Nf6 15. c5 h5
16. Kh1 Rf8 17. Nf2 Nh7 18. Rc1 g5 19. Nb5 f4 20. gxf4 gxf4 21. Bd2 Bh4 22. Nd3
a6 23. Na3 Ng5 24. Rg1 Qf6 25. Nc4 Bd7 26. cxd6 cxd6 27. Nb6 Rad8 28. Rc7 Rf7
29. Rxb7 Ba4 30. Qxa4 Rxb7 31. Qxa6 Rc7 32. Qa4 Kh8 33. Qb3 Rb8 34. Na4 Nh3 35.
Rg2 Ne8 36. Bf1 Ng5 37. Ndb2 Rg7 38. Nd1 Nc7 39. Nab2 Rbg8 40. Qc4 Nxf3 0-1

[Event "Elit(Stockholms SS-Eksjo)"]
[Site "?"]
[Date "2017.10.21"]
[Round "2"]
[White "Thorn, Eric"]
[Black "Ramel, Olof"]
[Result "1-0"]
[WhiteElo "2320"]
[BlackElo "1996"]
[PlyCount "51"]
1. d4 Nf6 2. c4 e6 3. Nf3 d5 4. Nc3 Be7 5. Bf4 O-O 6. a3 a5 7. e3 Nh5 8. Be5 f6
9. Bg3 Nxg3 10. hxg3 c6 11. Bd3 g6 12. Qc2 f5 13. g4 dxc4 14. Bxc4 b5 15. Bb3
Na6 16. gxf5 Rxf5 17. Qe4 Nc7 18. Ne5 b4 19. Ne2 a4 20. Bc4 bxa3 21. bxa3 Qf8
22. f4 Bxa3 23. Qxc6 Ra7 24. O-O Qb4 25. Rfb1 Qd2 26. Rxa3 1-0

[Event "Elit(Malmo-Team Viking)"]
[Site "?"]
[Date "2017.10.21"]
[Round "2"]
[White "Ziegler, Ari"]
[Black "Grandell, Anders"]
[Result "1/2-1/2"]
[WhiteElo "2318"]
[BlackElo "2243"]
[PlyCount "128"]
1. e4 c5 2. Nf3 Nc6 3. Bb5 e6 4. b3 Nge7 5. Bb2 a6 6. Bxc6 Nxc6 7. e5 d6 8.
exd6 Bxd6 9. Bxg7 Rg8 10. Bb2 Rxg2 11. Qe2 Nd4 12. Nxd4 cxd4 13. Bxd4 Qh4 14.
Be3 Bd7 15. Nc3 Bc6 16. O-O-O O-O-O 17. h3 Rg6 18. f3 Qh5 19. Rhf1 Qxh3 20. Bb6
Rdg8 21. Ne4 Ba3+ 22. Kb1 Qf5 23. Qh2 e5 24. Qxh7 Qe6 25. Nc3 R6g7 26. Qh4 f5
27. d4 Be8 28. Qh3 Qxb6 29. Qxf5+ Bd7 30. Qxe5 Bd6 31. Qe4 Re8 32. Qd3 Kb8 33.
Rg1 Rxg1 34. Rxg1 Qa5 35. Ne4 Bf5 36. a4 Bf4 37. Rh1 Qd5 38. Re1 Rd8 39. Rd1
Bc7 40. Qe3 Qc6 41. Re1 Ka8 42. Kb2 Bb6 43. c3 Rc8 44. Rc1 Re8 45. Re1 Bc7 46.
Re2 Qg6 47. Ka2 Qh7 48. Kb2 Qh4 49. Qd3 Bf4 50. Ka2 Qh1 51. Kb2 Rg8 52. b4 Qc1+
53. Kb3 Qf1 54. b5 Ka7 55. d5 Bc7 56. Rd2 Qa1 57. Ra2 Qg1 58. a5 Bxe4 59. fxe4
axb5 60. Qxb5 Qb1+ 61. Rb2 Qd1+ 62. Ka2 Rb8 63. Qc5+ Ka8 64. Qxc7 Qa4+ 1/2-1/2

[Event "Elit(Rockaden,Sthlm-Limhamn)"]
[Site "?"]
[Date "2017.10.21"]
[Round "2"]
[White "Jepson, Christian"]
[Black "Blomqvist, Erik"]
[Result "1-0"]
[WhiteElo "2417"]
[BlackElo "2521"]
[PlyCount "121"]
[SourceDate "2017.10.27"]
1. c4 e6 2. d4 Nf6 3. Nc3 Bb4 4. e3 c5 5. Bd3 Nc6 6. Nf3 Bxc3+ 7. bxc3 d6 8.
Qc2 e5 9. dxc5 dxc5 10. Nd2 Be6 11. e4 Na5 12. Rb1 O-O 13. O-O Qc7 14. Re1 Nd7
15. Qa4 Rfd8 16. Be2 a6 17. Rb2 h6 18. f3 Rdb8 19. Rd1 Nc6 20. Qc2 Nb6 21. Qb3
Nc8 22. Nf1 b5 23. Qc2 b4 24. Ne3 bxc3 25. Qxc3 Nd4 26. Bf1 Nd6 27. Rxb8+ Rxb8
28. Rd2 Rb4 29. Ba3 Ra4 30. Nd5 Qa5 31. Qxa5 Rxa5 32. Bc1 Ra4 33. Nb6 Rb4 34.
Rb2 a5 35. Rxb4 axb4 36. Bb2 f6 37. a3 b3 38. Kf2 Nc6 39. Bc3 Kf7 40. Ke3 Ke7
41. Kd2 f5 42. exf5 Bxf5 43. Kc1 Ke6 44. Kb2 Bc2 45. Nd5 Nf5 46. a4 Kd6 47. a5
Nb8 48. g3 g5 49. Bh3 Nd4 50. f4 gxf4 51. gxf4 exf4 52. Bd2 Na6 53. Bxf4+ Kc6
54. Bg2 Kd7 55. Bxh6 Nf5 56. Nb6+ Ke6 57. Bd2 Nd6 58. h4 Ke5 59. h5 Kd4 60. h6
Nf7 61. Bd5 1-0

[Event "Elit(Upsala-LASK)"]
[Site "?"]
[Date "2017.10.21"]
[Round "2"]
[White "Cuenca Jimenez, Jose"]
[Black "Johansson, Jan"]
[Result "1-0"]
[WhiteElo "2490"]
[BlackElo "2337"]
[PlyCount "134"]
1. Nf3 c5 2. c4 Nc6 3. d4 cxd4 4. Nxd4 g6 5. e4 Bg7 6. Be3 Nf6 7. Nc3 Ng4 8.
Qxg4 Bxd4 9. Bxd4 Nxd4 10. O-O-O e5 11. Qg3 d6 12. f4 f6 13. h4 Be6 14. h5 g5
15. fxg5 fxg5 16. h6 Qf6 17. Kb1 O-O-O 18. Ne2 Nc6 19. Nc3 Nd4 20. Nd5 Bxd5 21.
exd5 Qf4 22. Qd3 Rdf8 23. Be2 Qf2 24. Bg4+ Kb8 25. g3 Qf6 26. Qe4 Rf7 27. Rd2
Qg6 28. Qxg6 hxg6 29. b3 Kc7 30. Kb2 Kd8 31. Kc3 Rfh7 32. Rf2 Rxh6 33. Rxh6
Rxh6 34. Rf7 Rh2 35. Rd7+ Ke8 36. Rxb7 a5 37. Bd7+ Kf8 38. Kd3 Rg2 39. c5 dxc5
40. d6 Rxg3+ 41. Ke4 a4 42. bxa4 c4 43. Kxe5 Rd3 44. Rc7 Nf3+ 45. Ke6 g4 46.
Bc6 g3 47. Bxf3 Re3+ 48. Kd7 Rxf3 49. Rxc4 Kf7 50. Kc7 g2 51. Rg4 Rc3+ 52. Kd8
Rc2 53. a3 Ra2 54. d7 Rxa3 55. Rxg2 Rxa4 56. Kc7 Rc4+ 57. Kd6 Rd4+ 58. Kc6 Kf6
59. Kc7 Rc4+ 60. Kd8 Rd4 61. Ke8 Re4+ 62. Kf8 Rd4 63. Rf2+ Ke5 64. Ke7 g5 65.
d8=Q Rxd8 66. Kxd8 g4 67. Ke7 g3 1-0

[Event "Elit(Rockaden,Sthlm-Limhamn)"]
[Site "?"]
[Date "2017.10.21"]
[Round "2"]
[White "Hammer, Jon Ludvig"]
[Black "Brynell, Stellan"]
[Result "1-0"]
[WhiteElo "2632"]
[BlackElo "2415"]
[PlyCount "93"]
1. d4 d5 2. c4 dxc4 3. e4 e5 4. Nf3 exd4 5. Bxc4 Nc6 6. O-O Be6 7. Bxe6 fxe6 8.
Qb3 Qd7 9. Qxb7 Rb8 10. Qa6 Nf6 11. Nbd2 Bd6 12. b3 O-O 13. Ba3 Bxa3 14. Qxa3
Qd6 15. Qa6 Nd7 16. Nc4 Nc5 17. Qa3 Qe7 18. Nce5 Nxe5 19. Nxe5 Qd6 20. Nc4 Qc6
21. f3 Rb5 22. Rfd1 d3 23. Rac1 Qd7 24. Qb2 Rd8 25. Qc3 Qe7 26. Kh1 Qg5 27. Qd2
Qxd2 28. Rxd2 Na6 29. Kg1 Nb4 30. Kf2 a5 31. Ke3 Kf7 32. Na3 Rb7 33. Rc3 a4 34.
bxa4 Ra8 35. Nc4 Rxa4 36. Ne5+ Ke8 37. Rb3 Rb6 38. Rc3 Rb7 39. a3 Nc2+ 40. Kxd3
Nxa3 41. Ra2 Rba7 42. Rb2 Ra8 43. Rxc7 Rd8+ 44. Ke2 Ra5 45. Rxg7 Rxe5 46. Rg8+
Kd7 47. Rd2+ 1-0

[Event "Elit(Upsala-LASK)"]
[Site "?"]
[Date "2017.10.21"]
[Round "2"]
[White "Johansson, Thomas"]
[Black "Smith, Axel"]
[Result "1/2-1/2"]
[WhiteElo "2221"]
[BlackElo "2509"]
[PlyCount "112"]
1. d4 Nf6 2. c4 c5 3. d5 b5 4. cxb5 a6 5. bxa6 g6 6. Nc3 Bg7 7. Nf3 O-O 8. e4
Qa5 9. Nd2 Bxa6 10. Be2 d6 11. O-O Nfd7 12. Qc2 Bxe2 13. Nxe2 Na6 14. Nc4 Nb4
15. Qb3 Qa6 16. Bg5 Rfb8 17. a3 Nxd5 18. Qc2 N5f6 19. Rad1 Nb6 20. Nxb6 Qxb6
21. e5 dxe5 22. Nc3 Rb7 23. Na4 Qb3 24. Qxb3 Rxb3 25. Nxc5 Rxb2 26. Rfe1 h6 27.
Bc1 Rb5 28. Nd3 Rd8 29. Nb4 Rxd1 30. Rxd1 e6 31. Kf1 Nd5 32. Bd2 e4 33. Nxd5
exd5 34. a4 Rb2 35. Be3 Ra2 36. Rxd5 Rxa4 37. Rd8+ Kh7 38. Rd7 f6 39. h4 g5 40.
hxg5 hxg5 41. g4 Kg6 42. Rd4 Rxd4 43. Bxd4 Kf7 44. Ke2 f5 45. Bxg7 Kxg7 46.
gxf5 Kf6 47. Ke3 Kxf5 48. f3 exf3 49. Kxf3 g4+ 50. Kg3 Kg5 51. Kg2 Kh4 52. Kh2
g3+ 53. Kg2 Kg4 54. Kg1 Kh3 55. Kh1 g2+ 56. Kg1 Kg3 1/2-1/2

[Event "Elit(Rockaden,Sthlm-Limhamn)"]
[Site "?"]
[Date "2017.10.21"]
[Round "2"]
[White "Johansson, Linus"]
[Black "Neiksans, Arturs"]
[Result "1/2-1/2"]
[WhiteElo "2468"]
[BlackElo "2584"]
[PlyCount "96"]
1. d4 Nf6 2. c4 e6 3. Nc3 Bb4 4. e3 O-O 5. Bd3 d5 6. Nf3 b6 7. O-O Bb7 8. cxd5
exd5 9. a3 Bd6 10. b4 a6 11. Qb3 Qe7 12. Re1 Nbd7 13. Ra2 b5 14. Rae2 Nb6 15.
e4 dxe4 16. Nxe4 Nxe4 17. Bxe4 Bxe4 18. Rxe4 Qd7 19. Qd3 Rae8 20. Ng5 g6 21.
Qf3 Nd5 22. g3 c6 23. Kg2 Kg7 24. h4 h6 25. Rxe8 Rxe8 26. Rxe8 Qxe8 27. Ne4 Bc7
28. h5 g5 29. Qf5 Qe7 30. Bd2 Bb6 31. Nc5 Qe2 32. Ne4 Bxd4 33. Nxg5 Nf6 34. Be3
Bxe3 35. Ne6+ Kg8 36. Qxf6 Qxf2+ 37. Qxf2 Bxf2 38. Nd8 Bb6 39. Nxc6 Bc7 40. Kf3
Kg7 41. Ne7 Be5 42. Nd5 Bb2 43. Nc7 Bxa3 44. Nxa6 Kf6 45. Nc7 Kg5 46. Nxb5 Bxb4
47. g4 f5 48. gxf5 Kxf5 1/2-1/2

[Event "Elit(Upsala-LASK)"]
[Site "?"]
[Date "2017.10.21"]
[Round "2"]
[White "Tikkanen, Hans"]
[Black "Burwick, Malte"]
[Result "1-0"]
[WhiteElo "2516"]
[BlackElo "2236"]
[PlyCount "89"]
1. d4 Nf6 2. Nf3 g6 3. e3 Bg7 4. c4 O-O 5. Be2 d6 6. Nc3 Nbd7 7. O-O e5 8. Qc2
c6 9. b4 Qe7 10. b5 c5 11. dxe5 dxe5 12. e4 h6 13. Bb2 Re8 14. Rfd1 Kh7 15. a4
Rb8 16. a5 Qf8 17. Rd2 Re7 18. Rad1 Qe8 19. Nd5 Nxd5 20. cxd5 Qd8 21. d6 Re8
22. Bc4 f6 23. Bc3 Rf8 24. h4 Qe8 25. h5 g5 26. Qb3 Qxh5 27. Be6 Kh8 28. g4 Qg6
29. Bf5 Qf7 30. Qxf7 Rxf7 31. Ne1 b6 32. a6 Rf8 33. Nc2 Rd8 34. Ne3 Kg8 35. Nd5
Kf7 36. Ne7 Nf8 37. Nc6 Bxf5 38. exf5 Ra8 39. d7 Bh8 40. f3 Bg7 41. Rd6 Bh8 42.
Kf2 Bg7 43. Ke2 Bh8 44. Nxd8+ Rxd8 45. Rc6 1-0

[Event "Elit(Rockaden,Sthlm-Limhamn)"]
[Site "?"]
[Date "2017.10.21"]
[Round "2"]
[White "Karlsson, Lars"]
[Black "Lindgren, Philip"]
[Result "1-0"]
[WhiteElo "2448"]
[BlackElo "2380"]
[PlyCount "99"]
[SourceDate "2017.10.27"]
1. b3 d5 2. Bb2 Bg4 3. f3 Bf5 4. f4 e6 5. Nf3 h6 6. e3 Nf6 7. Nc3 a6 8. Ne2 c5
9. Ng3 Bh7 10. Ne5 Qc7 11. Nh5 Nxh5 12. Qxh5 Nc6 13. Bd3 Bxd3 14. Nxd3 O-O-O
15. O-O Rg8 16. f5 e5 17. f6 g6 18. Qe2 e4 19. Nf4 g5 20. Nh5 Bd6 21. Kh1 Kb8
22. Qg4 Be5 23. Bxe5 Qxe5 24. c3 Qc7 25. Qg3 Ne5 26. Ng7 Nd3 27. Qxc7+ Kxc7 28.
Nf5 Rh8 29. Ne7 Kd6 30. a4 Ke6 31. Nf5 Rh7 32. Ng7+ Rxg7 33. fxg7 Rg8 34. g4
Rxg7 35. Rf5 Ne5 36. Raf1 Nxg4 37. h3 Ne5 38. Rf6+ Ke7 39. Rb6 Nf3 40. Rxb7+
Ke6 41. Rb6+ Ke5 42. d4+ exd3 43. Rxf3 Ke4 44. Rf1 g4 45. hxg4 d2 46. Rxh6 Kxe3
47. Rh2 Rxg4 48. Rd1 d4 49. Rdxd2 dxc3 50. Rc2 1-0

[Event "Elit(Upsala-LASK)"]
[Site "?"]
[Date "2017.10.21"]
[Round "2"]
[White "Johansson, Carl Fredrik"]
[Black "Ahlander, Bjorn"]
[Result "0-1"]
[WhiteElo "2217"]
[BlackElo "2433"]
[PlyCount "64"]
1. d4 c5 2. d5 e6 3. c4 exd5 4. cxd5 d6 5. Nc3 Ne7 6. h4 Ng6 7. h5 Ne5 8. h6 g6
9. e4 a6 10. a4 Be7 11. Be2 O-O 12. f4 Bh4+ 13. Kf1 Ned7 14. Nf3 Bf6 15. Qc2 b6
16. Be3 Bh8 17. Bf2 Nf6 18. Bh4 Ng4 19. Kg1 f6 20. Bd3 Ra7 21. e5 dxe5 22. fxe5
Ne3 23. Qe2 Nf5 24. d6 Re8 25. Bc4+ Kf8 26. Nd5 Nd7 27. Rf1 Nxe5 28. Nxe5 Qxd6
29. Qf2 Rxe5 30. Rd1 Rd7 31. Qf3 Bb7 32. Kf2 Bxd5 0-1

[Event "Elit(Limhamn-Stockholms SS)"]
[Site "?"]
[Date "2017.10.20"]
[Round "1"]
[White "Lissang, Christopher"]
[Black "Lindgren, Philip"]
[Result "0-1"]
[WhiteElo "2344"]
[BlackElo "2380"]
[PlyCount "52"]
1. Nf3 Nf6 2. g3 d5 3. Bg2 c6 4. O-O Bg4 5. d3 Nbd7 6. Qe1 e5 7. e4 dxe4 8.
dxe4 Qc7 9. Nbd2 h6 10. h3 Be6 11. Qe2 Be7 12. b3 Nh7 13. Kh2 g5 14. Nc4 g4 15.
Nh4 gxh3 16. Bxh3 Bxh3 17. Kxh3 Bxh4 18. Kxh4 Ng5 19. Ba3 c5 20. Rad1 O-O-O 21.
Rd5 Qc6 22. Nd6+ Kb8 23. Rfd1 Nf8 24. Rxc5 Ng6+ 25. Kh5 Qd7 26. Rh1 Ne6 0-1